Σχεδιασμός και οργάνωση του τμήματος ποιοτικού ελέγχου στη βιομηχανία πλαστικών σύμφωνα με εργονομικά πρότυπα και τη ροή της πληροφορίας κατά την παραγωγική διαδικασία : διπλωματική εργασία

Η παρούσα διπλωματική εργασία διαπραγματεύεται το σχεδιασμό και την οργάνωση των τμημάτων ποιοτικού ελέγχου στη βιομηχανία πλαστικών, σύμφωνα με τα εργονομικά πρότυπα και τη ροή της πληροφορίας. Ο στόχος είναι να συγκενρωθούν και να οργανωθούν οι απαραίτητες προυποθέσεις για την αποτελεσματικότερη,...

Πλήρης περιγραφή

Αποθηκεύτηκε σε:
Λεπτομέρειες βιβλιογραφικής εγγραφής
Κύριος συγγραφέας: Ανυφαντάκη, Ασπασία
Συγγραφή απο Οργανισμό/Αρχή: Πανεπιστήμιο Αιγαίου. Τμήμα Μηχανικών Σχεδίασης Προϊόντων και Συστημάτων
Άλλοι συγγραφείς: Σταθάκης, Γεώργιος (Εισηγητής διατριβής)
Μορφή: Thesis Βιβλίο
Γλώσσα:Greek
Δημοσίευση: 2007
Θέματα:
Διαθέσιμο Online:http://hdl.handle.net/11610/9120
Ετικέτες: Προσθήκη ετικέτας
Δεν υπάρχουν, Καταχωρήστε ετικέτα πρώτοι!

MARC

LEADER 00000cam a2200000 i 4500
001 1/83262
008 080418s2007 gre d
035 |l 10096881 
040 |a GR-MY-UA  |b gre  |e aacr 
041 0 |a gre 
082 0 |a 668.4197  |2 (22) 
100 1 |a Ανυφαντάκη, Ασπασία. 
245 1 0 |a Σχεδιασμός και οργάνωση του τμήματος ποιοτικού ελέγχου στη βιομηχανία πλαστικών σύμφωνα με εργονομικά πρότυπα και τη ροή της πληροφορίας κατά την παραγωγική διαδικασία :  |b διπλωματική εργασία /  |c Ασπασία Ανυφαντάκη ; επιστημονικός υπεύθυνος: Γεώργιος Σταθάκης 
260 |c 2007 
300 |a 161 φύλλα;  |b εικ.;  |c 30 εκ. 
500 |a Διάθεση πλήρους κειμένου 
500 |a Ελεύθερη πρόσβαση όσον αφορά στη δημοσιοποίηση του ηλεκτρονικού υλικού 
502 |a Πτυχιακή εργασία - Πανεπιστήμιο Αιγαίου, Σύρος, 2007. 
504 |a Βιβλιογραφία: σ. 160-161 
520 |a Η παρούσα διπλωματική εργασία διαπραγματεύεται το σχεδιασμό και την οργάνωση των τμημάτων ποιοτικού ελέγχου στη βιομηχανία πλαστικών, σύμφωνα με τα εργονομικά πρότυπα και τη ροή της πληροφορίας. Ο στόχος είναι να συγκενρωθούν και να οργανωθούν οι απαραίτητες προυποθέσεις για την αποτελεσματικότερη, ασφαλέστερη και άνετη εκτέλεση κάθε εργασιακού καθήκοντος, μέσα σε ένα εργαστήριο ποιοτικού ελέγχου στη βιομηχανία πλαστικών, όπως επίσης, να εξαλειφθούν οι αρνητικές επιπτώσεις στον άνθρωπο αλλά και στα αποτελέσματα της εργασίας του, τα οποία υπάρχουν όταν τα μορφολογικά στοιχεία των θέσεων και των μέσων εργασίας δεν είναι σωστά σχεδιασμένα. Για την επίτευξη των παραπάνω στόχων καθορίζεται: 1) Η ανάγκη ύπαρξης των εργαστηρίων ποιοτικού ελέγχου μέσα σε ένα παραγωγικό σύστημα. β) Ο βασικός εξοπλισμός των εργαστηρίων ποιοτικού ελέγχου. γ) Το γενικό πλάνο ποιοτικού ελέγχου προϊόντων. δ) Το ειδικό πλάνο ποιοτικού ελέγχου μέσα στα εργαστήρια ποιοτικού ελέγχου. Έχοντας πάντα σα γνώμονα ότι η μελέτη εφαρμόζεται στην εταιρία Καρατζής Α.Ε., δε δημιουργείται ένα γενικό πλαίσιο αξιολόγησης στο οποίο είναι καταγεγραμμένα όλα τα πρότυπα και οι μεθοδολογίες τα οποία και δε θα λάμβαναν εφαρμογή στη λύση του συγκεκριμένου προβλήματος. Αντίθετα, δημιουργούνται τρία πλαίσια αξιολόγησης τα οποία περιέχουν μεθοδολογίες οι οποίες μπορούν να δώσουν λύσεις στο συγκεκριμένο πρόβλημα. 
650 0 0 |a Plastics industry and trade  |x Quality control  |z Greece. 
650 0 0 |a Human engineering. 
650 0 0 |a Dissertations, Academic  |z Greece. 
700 0 |a Σταθάκης, Γεώργιος.  |4 ths 
710 2 |a Πανεπιστήμιο Αιγαίου.   |b Τμήμα Μηχανικών Σχεδίασης Προϊόντων και Συστημάτων. 
852 |a INST  |b SYROS  |c DIATR  |e 20080418  |h 668.4197 ΑΝΥ  |p 005500006086  |q 005500006086  |t DIE  |y 23 
852 |a INST  |b SYROS  |c DIATR  |e 20080418  |h 668.4197 ΑΝΥ  |p 005500006087  |q 005500006087  |t DIE  |y 23 
856 |u http://hdl.handle.net/11610/9120 
901 |a BIBL5-2008-1 
909 |a Ε  |b 133714 
909 |a Ε  |b 133715 
924 |a ΑΝΥΦΑΝΤΑΚΗ  |b ΑΣΠΑΣΙΑ  |y ΣΥΡΟΣ  |z 2007-05 
970 |a ΚΟΝΤΟΥ  |b ΠΑΡΑΣΚΕΥΗ  |z 2008/04/18